| 000 | 00848nam a2200229Ia 4500 | ||
|---|---|---|---|
| 003 | PE SENCICO BE | ||
| 005 | 20251020182433.0 | ||
| 008 | 200515s9999 xx 000 0 und d | ||
| 040 |
_aPE SENCICO BE _cPE SENCICO BE |
||
| 041 | _aspa | ||
| 082 |
_a152 _bS82 1965 |
||
| 100 | 1 |
_aStösner, Arturo _92671 _eautor |
|
| 245 | 1 | 0 |
_aPsicología pedagógica / _cArturo Stossner |
| 250 | _a3a ed. | ||
| 260 |
_aBuenos Aires : _bLosada ; _c1966 |
||
| 300 |
_a270 p. : _c19 cm. |
||
| 490 | _aBiblioteca pedagógica | ||
| 505 | 0 | _aLa vida representativa: la sensación -- La representación -- El pensamiento -- La vida emocional y volutiva: Los sentimientos -- Sentimientos espirituales determinados desde el punto de vista formal -- La vida volutiva | |
| 650 | 1 | 0 |
_aPsicología _92672 |
| 650 | 2 | 0 |
_aPsicología cognoscitiva _92673 |
| 942 |
_cLIB _2ddc |
||
| 999 |
_c319 _d319 |
||